000 00290nam a2200145Ia 4500
100 _aHolzer steven
942 _cBK
654 _aComputer
245 _aVisual J++ 1.1.
260 _bB.P.B
_aNew Delhi
_c1997
082 _a5.133
_bJ++
300 _a524
546 _aENGLISH
999 _c31024
_d31024